[Event "7th Southwest Class Ch."]
[Site "Dallas"]
[Date "2016.02.14"]
[Round "6.11"]
[White "Vazquez, Guillermo"]
[Black "Roach, Andrew"]
[Result "1-0"]
[WhiteElo "2400"]
[BlackElo "1977"]
[PlyCount "91"]
[EventDate "2016.02.??"]
[EventType "swiss"]
[EventRounds "9"]
[EventCountry "USA"]

1. e4 c5 2. Nf3 d6 3. d4 cxd4 4. Qxd4 Nc6 5. Bb5 Bd7 6. Qd3 g6 7. c4 Bg7 8. O-O
Nf6 9. Nc3 O-O 10. h3 a6 11. Bxc6 Bxc6 12. Be3 b5 13. cxb5 axb5 14. Nd4 Qd7 15.
Rfc1 Rfc8 16. Nxc6 Qxc6 17. Nd5 Qb7 18. Nb6 Rxc1+ 19. Rxc1 Rb8 20. Qxb5 Nxe4
21. a4 d5 22. Qxd5 Qxd5 23. Nxd5 e6 24. Nb6 Bxb2 25. Rc2 Bc3 26. Kf1 Ba5 27.
Nc4 Rc8 28. Ke2 Bb4 29. Kd3 f5 30. a5 Rd8+ 31. Ke2 Nc3+ 32. Kf3 Ra8 33. Rc1 e5
34. g3 e4+ 35. Kg2 Nd5 36. Bb6 Nxb6 37. axb6 Rb8 38. Rb1 Bc5 39. b7 Ba7 40. Ne5
Re8 41. Nc6 Bb8 42. Ra1 Kf7 43. Ra8 Bd6 44. Rxe8 Kxe8 45. b8=Q+ Bxb8 46. Nxb8
1-0

[Event "7th Southwest Class Ch."]
[Site "Dallas"]
[Date "2016.02.14"]
[Round "6.13"]
[White "Gutman, Joshua"]
[Black "Indjic, Aleksandar"]
[Result "0-1"]
[WhiteElo "2092"]
[BlackElo "2562"]
[PlyCount "134"]
[EventDate "2016.02.??"]
[EventType "swiss"]
[EventRounds "9"]
[EventCountry "USA"]

1. d4 d6 2. Nf3 Bg4 3. c4 g6 4. Qb3 Qc8 5. Nbd2 Bg7 6. h3 Bd7 7. e4 c5 8. d5 e5
9. Bd3 Ne7 10. Nf1 f5 11. Bg5 f4 12. Qc3 Rf8 13. N1d2 h6 14. Bxe7 Kxe7 15. Be2
Na6 16. a3 Nc7 17. b4 b6 18. Nh2 h5 19. O-O Ne8 20. Rfb1 Nf6 21. Nhf3 Qc7 22.
Bd3 a5 23. bxc5 bxc5 24. Rb5 Nh7 25. Rab1 Ra7 26. Qb2 g5 27. Rb7 Rxb7 28. Qxb7
Qxb7 29. Rxb7 Ra8 30. Bc2 a4 31. Nb1 Kd8 32. Nc3 Kc8 33. Rb6 Kc7 34. Rb1 g4 35.
hxg4 hxg4 36. Ne1 f3 37. gxf3 Bh6 38. fxg4 Bd2 39. Nb5+ Bxb5 40. cxb5 Ng5 41.
Kg2 Kb6 42. Nd3 Bc3 43. f3 c4 44. Nb2 Bxb2 45. Rxb2 Rh8 46. Rb4 Nh3 47. Rxc4
Nf4+ 48. Kg3 Kxb5 49. Rb4+ Kc5 50. Bxa4 Nd3 51. Rb7 Kd4 52. Bb5 Nc5 53. Rf7 Ke3
54. Kg2 Nb3 55. a4 Nd4 56. Rf6 Rc8 57. g5 Rc2+ 58. Kg3 Rc1 59. Kg4 Rg1+ 60. Kh5
Nxf3 61. g6 Rh1+ 62. Kg4 Rg1+ 63. Kh3 Kf2 64. Rxf3+ Kxf3 65. Kh4 Rxg6 66. a5
Rg1 67. a6 Kxe4 0-1

[Event "7th Southwest Class Ch."]
[Site "Dallas"]
[Date "2016.02.14"]
[Round "6.14"]
[White "Kelly, Joey Michael"]
[Black "Sheng, Joshua"]
[Result "0-1"]
[WhiteElo "2016"]
[BlackElo "2402"]
[PlyCount "96"]
[EventDate "2016.02.??"]
[EventType "swiss"]
[EventRounds "9"]
[EventCountry "USA"]

1. e3 Nf6 2. b3 e5 3. Bb2 Nc6 4. c4 Be7 5. d3 d5 6. cxd5 Nxd5 7. a3 f5 8. Nd2
O-O 9. Ngf3 Bf6 10. Qc2 Kh8 11. Be2 Qe8 12. h3 Qg6 13. Nh2 Be6 14. Bf3 Rad8 15.
O-O Nde7 16. Rad1 Qf7 17. b4 a6 18. e4 g6 19. Rfe1 Qg7 20. Nb3 Rd6 21. Nf1 b6
22. Ne3 Rfd8 23. Nd5 Qf7 24. d4 fxe4 25. dxe5 Bxe5 26. Rxe4 Rxd5 27. Rxe5 Rxd1+
28. Re1+ Kg8 29. Rxd1 Bxb3 30. Rxd8+ Nxd8 31. Qc3 Kf8 32. Qxc7 Ke8 33. Qxb6 Qe6
34. Qd4 h5 35. g4 Bd5 36. Bxd5 Nxd5 37. gxh5 gxh5 38. a4 Nc6 39. Qh8+ Kd7 40.
Qh7+ Nce7 41. b5 Qxh3 42. bxa6 Qg4+ 43. Kh1 Qf3+ 44. Kg1 Qd1+ 45. Kh2 Qf3 46.
Kg1 Qg4+ 47. Kh2 Nf4 48. Qe4 Qh4+ 0-1

[Event "7th Southwest Class Ch."]
[Site "Dallas"]
[Date "2016.02.14"]
[Round "6.15"]
[White "Prilleltensky, Matan"]
[Black "Bykovstev, Agata"]
[Result "0-1"]
[WhiteElo "2232"]
[BlackElo "2176"]
[PlyCount "102"]
[EventDate "2016.02.??"]
[EventType "swiss"]
[EventRounds "9"]
[EventCountry "USA"]

1. d4 Nf6 2. Nf3 g6 3. Bf4 Bg7 4. e3 d6 5. h3 O-O 6. Be2 Nfd7 7. Bh2 e5 8. c4
Nc6 9. Nc3 f5 10. O-O h6 11. Rb1 g5 12. b4 f4 13. c5 Kh8 14. Nd5 Nf6 15. dxe5
dxe5 16. Nxf6 Qxf6 17. Nd2 Bf5 18. Rb3 Rad8 19. Qc1 Be6 20. Nc4 Ne7 21. Rd3 Nf5
22. Rxd8 Rxd8 23. Nd2 Bxa2 24. Ne4 Qg6 25. Nc3 Be6 26. Qc2 Qf7 27. Bg4 Nh4 28.
Bxe6 Qxe6 29. Rd1 Rxd1+ 30. Qxd1 Qc4 31. Qd2 Qxb4 32. Qd8+ Kh7 33. Qd3+ Ng6 34.
h4 gxh4 35. Kh1 Qxc5 36. exf4 exf4 37. Nd5 c6 38. Nc7 Qxf2 39. Qf5 Qe1+ 40. Bg1
Qe5 41. Qd7 h3 42. Ne6 hxg2+ 43. Kxg2 Qd5+ 44. Qxd5 cxd5 45. Bxa7 Be5 46. Bb6
Ne7 47. Kf3 Kg6 48. Bc5 Kf6 49. Nf8 Ng6 50. Nd7+ Kf5 51. Bb6 Bd6 0-1

[Event "7th Southwest Class Ch."]
[Site "Dallas"]
[Date "2016.02.14"]
[Round "6.16"]
[White "Yanayt, Eugene"]
[Black "Wang, Justin"]
[Result "1-0"]
[WhiteElo "2190"]
[BlackElo "2118"]
[PlyCount "67"]
[EventDate "2016.02.??"]
[EventType "swiss"]
[EventRounds "9"]
[EventCountry "USA"]

1. d4 Nf6 2. c4 e6 3. g3 d5 4. Bg2 Be7 5. Nf3 O-O 6. O-O dxc4 7. Na3 Bxa3 8.
bxa3 b5 9. a4 a6 10. Ba3 Nd5 11. Bxf8 Qxf8 12. Qc2 Qa3 13. Ng5 g6 14. e4 Nb4
15. Qd2 Nd3 16. f4 Qb2 17. Qe3 Bb7 18. Rab1 Qc2 19. d5 Qc3 20. dxe6 f6 21. Nf7
Nc6 22. e5 f5 23. axb5 axb5 24. Rxb5 Nd4 25. Rxb7 Rxa2 26. Rb8+ Kg7 27. e7 Qc2
28. Rg8+ Kxg8 29. e8=Q+ Kg7 30. Qh8+ Kxf7 31. Bd5+ Ke7 32. Qg7+ Ke8 33. Qf7+
Kd8 34. Qf8+ 1-0

[Event "7th Southwest Class Ch."]
[Site "Dallas"]
[Date "2016.02.14"]
[Round "6.17"]
[White "Serna, Jeffrey M"]
[Black "Eckert, Doug D"]
[Result "1/2-1/2"]
[WhiteElo "2009"]
[BlackElo "2190"]
[PlyCount "30"]
[EventDate "2016.02.??"]
[EventType "swiss"]
[EventRounds "9"]
[EventCountry "USA"]

1. e4 e5 2. Nf3 Nc6 3. Nc3 Nf6 4. d4 exd4 5. Nxd4 Bb4 6. Nxc6 bxc6 7. Bd3 d5 8.
exd5 cxd5 9. O-O O-O 10. Bg5 c6 11. Qf3 Bd6 12. Bxf6 Qxf6 13. Qxf6 gxf6 14. f4
Re8 15. Ne2 Rb8 1/2-1/2

[Event "7th Southwest Class Ch."]
[Site "Dallas"]
[Date "2016.02.14"]
[Round "6.18"]
[White "Gorti, Akshita"]
[Black "Vaidya, Atulya"]
[Result "0-1"]
[WhiteElo "2242"]
[BlackElo "2103"]
[PlyCount "76"]
[EventDate "2016.02.??"]
[EventType "swiss"]
[EventRounds "9"]
[EventCountry "USA"]

1. d4 Nf6 2. c4 g6 3. Nc3 d6 4. e4 Bg7 5. Nf3 O-O 6. Be2 e5 7. Be3 Ng4 8. Bg5
f6 9. Bh4 g5 10. Bg3 Nc6 11. d5 Ne7 12. Nd2 Nh6 13. b4 f5 14. exf5 Nhxf5 15.
Nde4 Ng6 16. O-O Nf4 17. c5 Rf7 18. Rc1 Bf8 19. Bg4 Rg7 20. Kh1 a6 21. a3 Kh8
22. cxd6 cxd6 23. Na4 Bd7 24. Bxf5 Bxf5 25. f3 h5 26. Qd2 Qe8 27. Nb6 Rd8 28.
Bxf4 gxf4 29. Qf2 Be7 30. Rc4 Qg6 31. Rfc1 Rdg8 32. Nc8 Bh4 33. Qf1 Bxe4 34.
Rxe4 Qxg2+ 35. Qxg2 Rxg2 36. Nxd6 Bf2 37. h3 Bg1 38. Nf7+ Kh7 0-1

[Event "7th Southwest Class Ch."]
[Site "Dallas"]
[Date "2016.02.14"]
[Round "6.20"]
[White "Ghatti, Sanjay"]
[Black "Yu, Jennifer"]
[Result "1-0"]
[WhiteElo "2172"]
[BlackElo "2102"]
[PlyCount "63"]
[EventDate "2016.02.??"]
[EventType "swiss"]
[EventRounds "9"]
[EventCountry "USA"]

1. e4 c5 2. Nf3 d6 3. d4 cxd4 4. Nxd4 Nf6 5. Nc3 a6 6. g3 e5 7. Nde2 b5 8. a4
b4 9. Nd5 Bb7 10. Bg2 Nxd5 11. exd5 a5 12. O-O Nd7 13. Be3 Be7 14. f4 O-O 15.
fxe5 Nxe5 16. Nd4 Nc4 17. Bc1 Rc8 18. b3 Ne5 19. Kh1 Bf6 20. Bb2 Rc5 21. Nc6
Bxc6 22. dxc6 d5 23. Qh5 d4 24. Be4 g6 25. Qd1 Bg7 26. Qxd4 Qe7 27. Rad1 f5 28.
Bd5+ Kh8 29. Rfe1 Re8 30. Rxe5 Qxe5 31. Qxc5 Qxb2 32. c7 1-0

[Event "7th Southwest Class Ch."]
[Site "Dallas"]
[Date "2016.02.14"]
[Round "6.21"]
[White "Githoro, Mbugua B"]
[Black "Franco, Eduardo Ragolta"]
[Result "1/2-1/2"]
[WhiteElo "2042"]
[BlackElo "2167"]
[PlyCount "31"]
[EventDate "2016.02.??"]
[EventType "swiss"]
[EventRounds "9"]
[EventCountry "USA"]

1. d4 g6 2. c4 Bg7 3. g3 d6 4. Bg2 Nf6 5. Nf3 O-O 6. O-O c6 7. Nc3 Nbd7 8. h3
e5 9. e4 Re8 10. Rb1 exd4 11. Nxd4 Nc5 12. Re1 a5 13. Bg5 h6 14. Bf4 Nh5 15.
Be3 Nf6 16. Bf4 1/2-1/2

[Event "7th Southwest Class Ch."]
[Site "Dallas"]
[Date "2016.02.14"]
[Round "6.22"]
[White "Xie, Tianming"]
[Black "Feinstein, Michael"]
[Result "0-1"]
[WhiteElo "1988"]
[BlackElo "2163"]
[PlyCount "96"]
[EventDate "2016.02.??"]
[EventType "swiss"]
[EventRounds "9"]
[EventCountry "USA"]

1. Nf3 f5 2. g3 Nf6 3. Bg2 g6 4. O-O Bg7 5. c4 d6 6. d4 O-O 7. Nc3 Nc6 8. Nd5
Ne4 9. e3 e6 10. Nc3 Nxc3 11. bxc3 Qe8 12. Ba3 b6 13. Re1 Ba6 14. Nd2 Rd8 15.
d5 Na5 16. dxe6 Kh8 17. Bb4 Nxc4 18. Nxc4 Bxc4 19. Bd5 Bxd5 20. Qxd5 c6 21. Qb3
c5 22. Ba3 d5 23. c4 Qxe6 24. cxd5 Qxd5 25. Rad1 Qxb3 26. axb3 Bc3 27. Rf1 Kg7
28. Rc1 Bf6 29. b4 Rd3 30. bxc5 Rxa3 31. cxb6 axb6 32. Rb1 Rb8 33. Rfd1 Rb7 34.
Rb5 Ra1 35. Rxa1 Bxa1 36. Kf1 Kf6 37. Ke2 Ke6 38. f3 Kd6 39. e4 fxe4 40. fxe4
Kc6 41. Rb1 Bd4 42. g4 b5 43. h4 b4 44. h5 b3 45. Kd3 Be5 46. Rc1+ Kd6 47. Rd1
Ke6 48. hxg6 Rd7+ 0-1

[Event "7th Southwest Class Ch."]
[Site "Dallas"]
[Date "2016.02.14"]
[Round "6.23"]
[White "Sadorra, Julio C"]
[Black "Song, Terry G"]
[Result "1-0"]
[WhiteElo "2514"]
[BlackElo "2200"]
[PlyCount "73"]
[EventDate "2016.02.??"]
[EventType "swiss"]
[EventRounds "9"]
[EventCountry "USA"]

1. Nf3 c5 2. c4 Nf6 3. Nc3 e6 4. g3 b6 5. Bg2 Bb7 6. O-O Be7 7. Re1 d6 8. e4 a6
9. d4 cxd4 10. Nxd4 Qc7 11. Be3 Nbd7 12. f4 O-O 13. Rc1 Rac8 14. Bf2 Qb8 15. e5
Ne8 16. Ne4 d5 17. cxd5 Bxd5 18. Qd2 Rd8 19. Qe2 Qb7 20. Nc6 Bxc6 21. Rxc6 Qa7
22. Rec1 Rb8 23. Qd2 Nc5 24. Nxc5 bxc5 25. b4 Rd8 26. Qc2 Qd7 27. Rxa6 Rc8 28.
bxc5 Nc7 29. c6 Qe8 30. Ra7 f6 31. Qd3 Qf7 32. exf6 Rfd8 33. Qe2 Bxf6 34. Rb1
Bc3 35. Rbb7 Rd2 36. Rxc7 Rxc7 37. Ra8+ 1-0

[Event "7th Southwest Class Ch."]
[Site "Dallas"]
[Date "2016.02.14"]
[Round "6.24"]
[White "Guo, Authur"]
[Black "Brooks, Curtis"]
[Result "0-1"]
[WhiteElo "2010"]
[BlackElo "2022"]
[PlyCount "116"]
[EventDate "2016.02.??"]
[EventType "swiss"]
[EventRounds "9"]
[EventCountry "USA"]

1. e4 c5 2. Nf3 d6 3. d4 cxd4 4. Nxd4 Nf6 5. Nc3 g6 6. Be3 Bg7 7. f3 Nc6 8. Qd2
O-O 9. Bc4 Bd7 10. Bb3 Rc8 11. O-O-O Nxd4 12. Bxd4 b5 13. h4 h5 14. Bxa7 b4 15.
Nd5 Nxd5 16. exd5 Qa5 17. Bd4 Ba4 18. Qe3 Bxb3 19. Qxb3 Bh6+ 20. Kb1 Ra8 21.
Rhe1 Rfe8 22. Re4 Ra6 23. g4 Rea8 24. Rxe7 Bf8 25. Rb7 Qd8 26. Qxb4 Rxa2 27. b3
Qc8 28. Bb2 Bg7 29. c3 Rxb2+ 30. Kxb2 Bxc3+ 31. Qxc3 Ra2+ 32. Kxa2 Qxc3 33. Rf1
Qa5+ 34. Kb2 Qxd5 35. Rb8+ Kg7 36. Rc1 Qxf3 37. gxh5 Qxh5 38. Rc4 Qe5+ 39. Ka2
d5 40. Rcb4 d4 41. R8b5 Qh2+ 42. Ka3 Qxh4 43. Rd5 Qe7 44. Rdxd4 f5 45. Kb2 g5
46. Rbc4 f4 47. Kc2 f3 48. Rd2 Qf7 49. Rf2 Qf5+ 50. Kd2 g4 51. Rc3 Kg6 52. Kc1
Qa5 53. Kb2 Kg5 54. Rcc2 Qe5+ 55. Ka2 Kf4 56. Rc4+ Kg3 57. Rcc2 Qe1 58. Rfd2 f2
0-1

[Event "7th Southwest Class Ch."]
[Site "Dallas"]
[Date "2016.02.14"]
[Round "6.26"]
[White "Dejmek, Mark W"]
[Black "DeJesus, Jeffrey A"]
[Result "1/2-1/2"]
[WhiteElo "1978"]
[BlackElo "2169"]
[PlyCount "48"]
[EventDate "2016.02.??"]
[EventType "swiss"]
[EventRounds "9"]
[EventCountry "USA"]

1. e4 d6 2. d4 Nf6 3. Nc3 e5 4. Nge2 Nbd7 5. g3 Be7 6. Bg2 c6 7. a4 Qc7 8. h3
b6 9. O-O a6 10. Re1 Bb7 11. b3 Rd8 12. Bb2 h5 13. Qd2 g6 14. Rad1 h4 15. g4
Rg8 16. Qc1 g5 17. Qa1 Nh7 18. dxe5 dxe5 19. Rd3 Rg6 20. Nd1 Bc5 21. Ba3 Bxa3
22. Qxa3 Nc5 23. Rxd8+ Qxd8 24. Ne3 Rd6 1/2-1/2

[Event "7th Southwest Class Ch."]
[Site "Dallas"]
[Date "2016.02.14"]
[Round "6.27"]
[White "Vaidya, Atreya"]
[Black "Potula, Kapish"]
[Result "1/2-1/2"]
[WhiteElo "1848"]
[BlackElo "2042"]
[PlyCount "41"]
[EventDate "2016.02.??"]
[EventType "swiss"]
[EventRounds "9"]
[EventCountry "USA"]

1. e4 e6 2. d4 d5 3. Nd2 Nf6 4. e5 Nfd7 5. Bd3 c5 6. c3 Nc6 7. Ne2 cxd4 8. cxd4
f6 9. exf6 Nxf6 10. O-O Bd6 11. Nf3 Qc7 12. Bg5 O-O 13. h3 Bd7 14. Qc2 Be8 15.
Be3 Rc8 16. Ng5 Qb8 17. Qb1 Nb4 18. Nxe6 Nxd3 19. Nxf8 Nb4 20. Ne6 Bg6 21. Qe1
1/2-1/2

[Event "7th Southwest Class Ch."]
[Site "Dallas"]
[Date "2016.02.14"]
[Round "6.28"]
[White "Webster, Brad"]
[Black "Acosta, Mariano A"]
[Result "0-1"]
[WhiteElo "1792"]
[BlackElo "2031"]
[PlyCount "60"]
[EventDate "2016.02.??"]
[EventType "swiss"]
[EventRounds "9"]
[EventCountry "USA"]

1. e4 d6 2. d4 Nf6 3. Nc3 c6 4. f4 Qa5 5. Bd3 e5 6. Nf3 Bg4 7. dxe5 dxe5 8.
fxe5 Nfd7 9. Bf4 Nxe5 10. Be2 Bxf3 11. Bxf3 Nbd7 12. a3 Be7 13. b4 Nxf3+ 14.
Qxf3 Bxb4 15. Bd2 Bc5 16. Nd5 Qd8 17. Ne3 Qf6 18. Rb1 Qxf3 19. gxf3 Ne5 20. Ke2
O-O-O 21. Bc3 Bxe3 22. Kxe3 Nc4+ 23. Ke2 Rhe8 24. Rhg1 g6 25. Kf2 Nxa3 26. Ra1
Nb5 27. Bb4 a6 28. c4 Nd4 29. Bc3 Nb3 30. Ra2 Rd3 0-1

[Event "7th Southwest Class Ch."]
[Site "Dallas"]
[Date "2016.02.14"]
[Round "6.29"]
[White "Johnston, Daniel F"]
[Black "Polavaram, Rithik Sai"]
[Result "1-0"]
[WhiteElo "1906"]
[BlackElo "1826"]
[PlyCount "53"]
[EventDate "2016.02.??"]
[EventType "swiss"]
[EventRounds "9"]
[EventCountry "USA"]

1. e4 e5 2. Nf3 Nc6 3. Bb5 a6 4. Ba4 Nf6 5. d3 b5 6. Bb3 Bc5 7. O-O O-O 8. Re1
Re8 9. c3 d5 10. exd5 Nxd5 11. d4 Be7 12. Nxe5 Nxe5 13. dxe5 Bb7 14. Qg4 c5 15.
Nd2 Bf8 16. Nf3 Qb6 17. Bc2 g6 18. Bg5 Bg7 19. Rad1 h6 20. Bc1 Qa5 21. e6 Ne7
22. exf7+ Kxf7 23. Qe6+ Kf8 24. Ne5 Bxe5 25. Bxh6+ Bg7 26. Qf6+ Kg8 27. Qxg7#
1-0

[Event "7th Southwest Class Ch."]
[Site "Dallas"]
[Date "2016.02.14"]
[Round "7.1"]
[White "Xiong, Jeffery"]
[Black "Sadorra, Julio C"]
[Result "1/2-1/2"]
[WhiteElo "2588"]
[BlackElo "2514"]
[PlyCount "83"]
[EventDate "2016.02.??"]
[EventType "swiss"]
[EventRounds "9"]
[EventCountry "USA"]

1. e4 e6 2. d4 d5 3. Nd2 Be7 4. Ngf3 Nf6 5. e5 Nfd7 6. Bd3 c5 7. c3 Nc6 8. O-O
O-O 9. Re1 f6 10. exf6 Nxf6 11. b3 cxd4 12. cxd4 Qb6 13. Bb2 Bd7 14. Rc1 Rae8
15. a3 a5 16. Nf1 g6 17. Ne3 Bd6 18. Ne5 Bc8 19. Bb1 Bb8 20. f4 Ba7 21. Nf3 Re7
22. g3 Rg7 23. Kg2 Bb8 24. Kh1 Ba7 25. Rf1 Bb8 26. Qd3 Ba7 27. Rce1 Bd7 28. Qd1
a4 29. b4 Ne7 30. Bd3 Nf5 31. Qe2 Ne4 32. Kg2 Nfd6 33. Ng4 Bb5 34. Ng5 Bxd3 35.
Qxd3 Re7 36. Nxe4 Nxe4 37. Rxe4 dxe4 38. d5 Kf7 39. Ne5+ Kg8 40. Ng4 Kf7 41.
Ne5+ Kg8 42. Ng4 1/2-1/2

[Event "7th Southwest Class Ch."]
[Site "Dallas"]
[Date "2016.02.14"]
[Round "7.2"]
[White "Barshpolets, Andrey"]
[Black "Stukopin, Andrey"]
[Result "1/2-1/2"]
[WhiteElo "2548"]
[BlackElo "2582"]
[PlyCount "34"]
[EventDate "2016.02.??"]
[EventType "swiss"]
[EventRounds "9"]
[EventCountry "USA"]

1. d4 Nf6 2. c4 e6 3. g3 Bb4+ 4. Nd2 O-O 5. Bg2 d5 6. Ngf3 b6 7. O-O Bb7 8. b3
c5 9. Bb2 cxd4 10. Nxd4 Nc6 11. Nxc6 Bxc6 12. Rc1 Rc8 13. cxd5 Bxd5 14. Rxc8
Qxc8 15. e4 Bb7 16. Bxf6 gxf6 17. Nc4 Qc5 1/2-1/2

[Event "7th Southwest Class Ch."]
[Site "Dallas"]
[Date "2016.02.14"]
[Round "7.3"]
[White "Holt, Conrad"]
[Black "Macieja, Bartlomiej"]
[Result "1/2-1/2"]
[WhiteElo "2542"]
[BlackElo "2559"]
[PlyCount "57"]
[EventDate "2016.02.??"]
[EventType "swiss"]
[EventRounds "9"]
[EventCountry "USA"]

1. d4 Nf6 2. c4 e6 3. Nf3 d5 4. Nc3 dxc4 5. e4 Bb4 6. Bg5 c5 7. e5 cxd4 8. Qa4+
Nc6 9. O-O-O Bd7 10. Ne4 Be7 11. exf6 gxf6 12. Bh4 a6 13. Qxc4 e5 14. Nxe5 Nxe5
15. Qxd4 O-O 16. Be2 Qc7+ 17. Kb1 Bf5 18. Ka1 Rad8 19. Qe3 Qc6 20. Ng3 Bg6 21.
Nh5 Rxd1+ 22. Rxd1 Rd8 23. Nf4 Rxd1+ 24. Bxd1 Qc4 25. f3 Bc5 26. Qd2 Bb4 27.
Qe3 Bc5 28. Qd2 Bb4 29. Qd8+ 1/2-1/2

[Event "7th Southwest Class Ch."]
[Site "Dallas"]
[Date "2016.02.14"]
[Round "7.4"]
[White "Li, Ruifeng"]
[Black "Vazquez, Guillermo"]
[Result "1/2-1/2"]
[WhiteElo "2483"]
[BlackElo "2400"]
[PlyCount "85"]
[EventDate "2016.02.??"]
[EventType "swiss"]
[EventRounds "9"]
[EventCountry "USA"]

1. e4 c5 2. Nf3 d6 3. d4 cxd4 4. Nxd4 Nf6 5. Nc3 a6 6. h3 e5 7. Nb3 Be6 8. Be3
Be7 9. Qf3 h5 10. O-O-O Nbd7 11. Nd5 Bxd5 12. exd5 Nb6 13. Bxb6 Qxb6 14. Bd3 h4
15. Kb1 g6 16. g4 Nd7 17. Qe4 Bg5 18. Qe2 O-O 19. Nd2 Nc5 20. Ka1 Rae8 21. Ne4
Nxe4 22. Bxe4 Rc8 23. Rd3 Rc5 24. Rb3 Qc7 25. Rd1 Kg7 26. Kb1 Rc8 27. Qd3 b5
28. Qe2 Kh6 29. Ra3 a5 30. Rf3 b4 31. Rb3 Rb8 32. Rf3 a4 33. Rdd3 Rc8 34. Rd1
Kg7 35. Rh1 Ra8 36. Rd1 Qa5 37. Qe1 Qb6 38. Qf1 b3 39. cxb3 a3 40. bxa3 Rxa3
41. Qe2 Rca5 42. Rc3 Qa7 43. Rc2 1/2-1/2

[Event "7th Southwest Class Ch."]
[Site "Dallas"]
[Date "2016.02.14"]
[Round "7.5"]
[White "Niemann, Hans"]
[Black "Gurevich, Daniel"]
[Result "1-0"]
[WhiteElo "2320"]
[BlackElo "2477"]
[PlyCount "71"]
[EventDate "2016.02.??"]
[EventType "swiss"]
[EventRounds "9"]
[EventCountry "USA"]

1. d4 Nf6 2. c4 e6 3. g3 c5 4. d5 exd5 5. cxd5 d6 6. Nc3 g6 7. Bg2 Bg7 8. Nf3
O-O 9. O-O Re8 10. Bf4 Na6 11. Nd2 Nh5 12. Be3 Rxe3 13. fxe3 Nc7 14. a4 Qe7 15.
Nc4 Bd7 16. Qb3 b6 17. Nb5 Ne8 18. a5 bxa5 19. Nc3 Nef6 20. Qb7 Rd8 21. Bf3 Bh6
22. e4 Qf8 23. Rxa5 Bh3 24. Bg2 Rb8 25. Qc7 Bg4 26. Qxd6 Qxd6 27. Nxd6 Rxb2 28.
e5 Be3+ 29. Kh1 Bd4 30. exf6 Bxc3 31. Rxa7 Nxf6 32. h3 Bxe2 33. Rxf6 Bxf6 34.
Ra8+ Kg7 35. Ne8+ Kh6 36. Nxf6 1-0

[Event "7th Southwest Class Ch."]
[Site "Dallas"]
[Date "2016.02.14"]
[Round "7.6"]
[White "Kiewra, Keaton"]
[Black "Furfine, Jacob"]
[Result "1-0"]
[WhiteElo "2428"]
[BlackElo "2181"]
[PlyCount "79"]
[EventDate "2016.02.??"]
[EventType "swiss"]
[EventRounds "9"]
[EventCountry "USA"]

1. d4 Nf6 2. Nf3 e6 3. Bg5 d5 4. e3 Be7 5. Nbd2 O-O 6. Bd3 c5 7. c3 b6 8. Ne5
Bb7 9. O-O Ne4 10. Bxe7 Qxe7 11. Bxe4 dxe4 12. Qb1 cxd4 13. cxd4 f6 14. Nec4 f5
15. Ne5 Nd7 16. Nxd7 Qxd7 17. Nc4 Rac8 18. Rc1 Qe7 19. Rc3 Bd5 20. Ne5 Rxc3 21.
bxc3 Rc8 22. Qb2 Bc4 23. a4 h6 24. a5 b5 25. a6 Kh7 26. h3 Qc7 27. Qb4 Bd5 28.
Ra3 Rb8 29. h4 Rb6 30. Ra5 Bc4 31. h5 Be2 32. Qc5 Qd6 33. f3 exf3 34. Qxd6 Rxd6
35. gxf3 Rb6 36. Kf2 Bc4 37. Kg3 Bd5 38. Kf4 b4 39. cxb4 Rxb4 40. Rc5 1-0

[Event "7th Southwest Class Ch."]
[Site "Dallas"]
[Date "2016.02.14"]
[Round "7.7"]
[White "Liang, Awonder"]
[Black "Indjic, Aleksandar"]
[Result "1/2-1/2"]
[WhiteElo "2379"]
[BlackElo "2562"]
[PlyCount "73"]
[EventDate "2016.02.??"]
[EventType "swiss"]
[EventRounds "9"]
[EventCountry "USA"]

1. e4 e6 2. d4 d5 3. Nd2 Ne7 4. Bd3 Nd7 5. e5 c5 6. c3 Nc6 7. Ne2 Qb6 8. Nf3 h6
9. O-O Be7 10. b3 g5 11. h3 Rg8 12. Be3 h5 13. Nh2 cxd4 14. cxd4 f5 15. exf6
Nxf6 16. Qb1 g4 17. Bg6+ Kd8 18. h4 Bd7 19. Nf4 Bd6 20. Bf7 Bxf4 21. Bxf4 Rg7
22. Bg6 Ne7 23. Bd3 Qxd4 24. Be3 Qe5 25. Re1 Qd6 26. Bd4 g3 27. fxg3 Qxg3 28.
Re2 Neg8 29. Be5 Qxh4 30. Qb2 Rg3 31. Bxg3 Qxg3 32. Qd4 Ng4 33. Nxg4 Qh4 34.
Qe5 Ke7 35. Rf1 Rf8 36. Ref2 Ke8 37. Be2 1/2-1/2

[Event "7th Southwest Class Ch."]
[Site "Dallas"]
[Date "2016.02.14"]
[Round "7.8"]
[White "Peng, David"]
[Black "Langer, Michael"]
[Result "0-1"]
[WhiteElo "2256"]
[BlackElo "2198"]
[PlyCount "54"]
[EventDate "2016.02.??"]
[EventType "swiss"]
[EventRounds "9"]
[EventCountry "USA"]

1. e4 c5 2. Nf3 d6 3. d4 cxd4 4. Nxd4 Nf6 5. Nc3 a6 6. Be3 e5 7. Nb3 Be7 8. f3
Be6 9. Qd2 O-O 10. g4 d5 11. exd5 Nxd5 12. Nxd5 Bxd5 13. Bg2 Bh4+ 14. Bf2 Bxf2+
15. Qxf2 Qg5 16. Nc5 Nc6 17. Rd1 Nd4 18. O-O Rac8 19. c3 Nxf3+ 20. Bxf3 Bxf3
21. Qxf3 Rxc5 22. Rd7 Rc4 23. h3 Rf4 24. Qxb7 Rxf1+ 25. Kxf1 h5 26. Qb4 Qe3 27.
Kg2 h4 0-1

[Event "7th Southwest Class Ch."]
[Site "Dallas"]
[Date "2016.02.14"]
[Round "7.9"]
[White "Brown, Michael"]
[Black "Panchanatham, Vignesh"]
[Result "1/2-1/2"]
[WhiteElo "2424"]
[BlackElo "2339"]
[PlyCount "98"]
[EventDate "2016.02.??"]
[EventType "swiss"]
[EventRounds "9"]
[EventCountry "USA"]

1. d4 Nf6 2. c4 g6 3. Nc3 Bg7 4. e4 d6 5. Be2 O-O 6. Nf3 Na6 7. Be3 e5 8. d5
Nc5 9. Nd2 a5 10. a3 b6 11. b4 Nb7 12. Nb3 Qe7 13. Rc1 Ne8 14. O-O f5 15. f3
Bf6 16. c5 a4 17. c6 Nd8 18. Nd2 Bg5 19. Bxg5 Qxg5 20. Nc4 Nf7 21. Qd2 f4 22.
b5 h5 23. Bd1 Qd8 24. Re1 g5 25. Kf1 Kg7 26. Ke2 Rh8 27. Kd3 Nf6 28. Nxa4 g4
29. Nc3 h4 30. Rg1 Ng5 31. Ra1 Qe8 32. Qf2 Qg6 33. Nd2 g3 34. Qe1 Nh5 35. Nf1
h3 36. gxh3 Bxh3 37. hxg3 Bxf1+ 38. Qxf1 Nxg3 39. Qe1 Rh2 40. Rxg3 fxg3 41.
Qxg3 Rh3 42. Qg4 Rf8 43. Be2 Rf4 44. Qd7+ Rf7 45. Qg4 Rhxf3+ 46. Bxf3 Rxf3+ 47.
Ke2 Rf4 48. Qd7+ Rf7 49. Qg4 Rf4 1/2-1/2

[Event "7th Southwest Class Ch."]
[Site "Dallas"]
[Date "2016.02.14"]
[Round "7.11"]
[White "Ruiz, Joshua D"]
[Black "Sawyer, Bradley"]
[Result "*"]
[WhiteElo "2371"]
[BlackElo "2124"]
[PlyCount "55"]
[EventDate "2016.02.??"]
[EventType "swiss"]
[EventRounds "9"]
[EventCountry "USA"]

1. e4 c5 2. Nf3 d6 3. d4 cxd4 4. Nxd4 Nf6 5. Nc3 a6 6. Bg5 Nbd7 7. Bc4 Qb6 8.
Bb3 e6 9. Qd2 Be7 10. O-O-O Nc5 11. f3 Qc7 12. Kb1 Bd7 13. g4 b5 14. a3 Qb7 15.
Rhe1 O-O 16. h4 Rfc8 17. f4 Nfxe4 18. Nxe4 Nxe4 19. Rxe4 Bxg5 20. Rxe6 Bxe6 21.
Nxe6 Be7 22. Bd5 Qd7 23. f5 Bxh4 24. g5 Re8 25. Nd4 Qe7 26. Nf3 Bg3 27. g6 Kh8
28. Rh1 *

[Event "7th Southwest Class Ch."]
[Site "Dallas"]
[Date "2016.02.14"]
[Round "7.12"]
[White "Hilby, Craig"]
[Black "Green, Austin J"]
[Result "1-0"]
[WhiteElo "2347"]
[BlackElo "2054"]
[PlyCount "49"]
[EventDate "2016.02.??"]
[EventType "swiss"]
[EventRounds "9"]
[EventCountry "USA"]

1. e4 c5 2. Nf3 e6 3. d4 cxd4 4. Nxd4 Nc6 5. Nc3 Nf6 6. Ndb5 Bb4 7. a3 Bxc3+ 8.
Nxc3 d5 9. exd5 exd5 10. Bd3 O-O 11. O-O d4 12. Ne2 Bg4 13. Bg5 Qd6 14. Qd2
Rfe8 15. Rfe1 Bh5 16. Nf4 Bg6 17. Nxg6 hxg6 18. Rad1 Rxe1+ 19. Rxe1 Re8 20.
Rxe8+ Nxe8 21. Bf4 Qd5 22. Qe2 Nf6 23. Bc4 Qf5 24. Bg3 Ne4 25. Bd3 1-0